书目信息 |
| 题名: |
审计法规与准则
|
|
| 作者: | 陈希晖 主编 | |
| 分册: | ||
| 出版信息: | 大连 东北财经大学出版社 2019.8 |
|
| 页数: | 454页 | |
| 开本: | 27cm | |
| 丛书名: | ||
| 单 册: | ||
| 中图分类: | D922.27 , F239.221 | |
| 科图分类: | ||
| 主题词: | 审计法--shen ji fa--中国--高等教育--教材 , 审计标准--shen ji biao zhun--中国--高等教育--教材 | |
| 电子资源: | ||
| ISBN: | 978-7-5654-3605-5 | |
| 000 | 01168nam0 2200289 450 | |
| 001 | 2161476626 | |
| 005 | 20211003084711.22 | |
| 010 | @a978-7-5654-3605-5@dCNY70.00 | |
| 100 | @a20191112d2019 em y0chiy50 ea | |
| 101 | 0 | @achi |
| 102 | @aCN@b210000 | |
| 105 | @ay z 000yy | |
| 106 | @ar | |
| 200 | 1 | @a审计法规与准则@Ashen ji fa gui yu zhun ze@dAuditing laws, regulations and standards@f陈希晖主编@zeng |
| 205 | @a2版 | |
| 210 | @a大连@c东北财经大学出版社@d2019.8 | |
| 215 | @a454页@d27cm | |
| 300 | @a21世纪高等教育审计精品教材 国家级特色专业 | |
| 330 | @a本书内容上包含了三类审计主体的审计人员目前最常用、最具有指导意义的审计法规与准则。既有审计专业性法律,又有相关行政法规和准则,尤其是全面收录了三类审计主体现行的审计准则,保留了审计法规与准则的原貌,有利于读者对三类审计主体的法规进行比较研究。 | |
| 510 | 1 | @aAuditing laws, regulations and standards@zeng |
| 606 | 0 | @a审计法@Ashen ji fa@y中国@x高等教育@j教材 |
| 606 | 0 | @a审计标准@Ashen ji biao zhun@y中国@x高等教育@j教材 |
| 690 | @aD922.27@v5 | |
| 690 | @aF239.221@v5 | |
| 701 | 0 | @a陈希晖@Achen xi hui@4主编 |
| 801 | 0 | @aCN@b百万庄@c20210929 |
| 905 | @b1303110-13@dD922.27@e2179=2@f4 | |
| 审计法规与准则=Auditing laws, regulations and standards/陈希晖主编.-2版.-大连:东北财经大学出版社,2019.8 |
| 454页;27cm |
| 21世纪高等教育审计精品教材 国家级特色专业 |
| ISBN 978-7-5654-3605-5:CNY70.00 |
| 本书内容上包含了三类审计主体的审计人员目前最常用、最具有指导意义的审计法规与准则。既有审计专业性法律,又有相关行政法规和准则,尤其是全面收录了三类审计主体现行的审计准则,保留了审计法规与准则的原貌,有利于读者对三类审计主体的法规进行比较研究。 |
| ● |
| 相关链接 |
|
|
|
|
正题名:审计法规与准则
索取号:D922.27/2179=2
 
预约/预借
| 序号 | 登录号 | 条形码 | 馆藏地/架位号 | 状态 | 备注 |
| 1 | 1303110 | 213031100 | 第一样本阅览室/ [索取号:D922.27/2179=2] | 在馆 | |
| 2 | 1303111 | 213031119 | 第一借阅区/ [索取号:D922.27/2179=2] | 在馆 | |
| 3 | 1303112 | 213031128 | 第一借阅区/ [索取号:D922.27/2179=2] | 在馆 | |
| 4 | 1303113 | 213031137 | 第一借阅区/ [索取号:D922.27/2179=2] | 在馆 |